|
|
|
|
| LEADER |
00000nab a2200000 ar4500 |
| 001 |
vtls011718714 |
| 003 |
SK-MaSNL |
| 005 |
20260304232048.0 |
| 008 |
171103c2017 xo wr|p|||||||000 b|slo |
| 038 |
|
|
|a PPPK
|
| 040 |
|
|
|a PPPKCL
|b slo
|c PPPKCL
|e AACR2
|
| 041 |
0 |
|
|a slo
|
| 044 |
|
|
|a xo
|c SK
|
| 080 |
|
|
|a 614.842-051
|2 2011
|
| 080 |
|
|
|a 614.842.83
|2 2011
|
| 245 |
0 |
0 |
|a Poprad našiel železného hasiča
|
| 500 |
|
|
|a Autor článku nie je uvedený.
|
| 600 |
1 |
7 |
|a Bednáriková, Janka,
|c iná
|2 pppkcl
|9 1566315
|
| 600 |
1 |
7 |
|a Pitoňáková, Daniela
|2 pppkcl
|9 1559123
|
| 600 |
1 |
7 |
|a Císar, Patrik
|2 pppkcl
|9 1566316
|
| 600 |
1 |
7 |
|a Šebest, Ján
|2 pppkcl
|9 1566317
|
| 611 |
2 |
7 |
|a Železný hasič
|n (1. :
|d 2017 :
|c Poprad, Slovensko)
|2 pppkcl
|9 1566318
|
| 648 |
|
7 |
|a 14.10.2017
|2 pppkcl
|9 1089631
|
| 650 |
0 |
7 |
|a hasiči
|2 pppkcl
|9 1505
|
| 650 |
0 |
7 |
|a hasičské zbory
|2 pppkcl
|9 74452
|
| 650 |
0 |
7 |
|a hasičské súťaže
|2 pppkcl
|9 1098141
|
| 651 |
|
7 |
|a Poprad (Slovensko)
|2 pppkcl
|9 20155
|
| 773 |
0 |
|
|t Podtatranské noviny
|g Roč. LVII, č. 43 (2017), s. 5
|x 1210-2423
|
| 852 |
|
|
|a PPPK
|b KIS3GCP
|
| 999 |
|
|
|c 3191921
|d 3193851
|